[Event "Challenge"]
[Site "http://www.queenalice.com/game.php?id=1209063"]
[Date "2013.8.17"]
[Round "-"]
[White "MLGF"]
[Black "RJGF"]
[Result "1-0"]
[WhiteElo "1678"]
[BlackElo "1932"]

1. e4 e5 2. Nf3 Nc6 3. Bc4 d6 4. h3 Nf6 5. d3 Be7 6. Nc3 O-O 7. Be3 a6 8. a4 Na5
9. O-O Nxc4 10. dxc4 Be6 11. b3 c6 12. Qd3 Qd7 13. Rad1 Rad8 14. Ng5 h6 15. Nxe6
Qxe6 16. f4 Qd7 17. fxe5 dxe5 18. Qxd7 Rxd7 19. Rxd7 Nxd7 20. Ne2 Bc5 21. Bxc5
Nxc5 22. Ng3 g6 23. Kh2 Ne6 24. c3 Nf4 25. Rd1 Ne6 26. b4 Rd8 27. Rxd8+ Nxd8 28.
Nf1 Ne6 29. Nd2 Nf4 30. Nb3 Ne2 31. Nc5 Nxc3 32. a5 f5 33. exf5 gxf5 34. Nxb7 e4
35. Kg3 Kg7 36. Kf4 Kf6 37. Nc5 Ne2+ 38. Ke3 Nc3 39. Nxa6 Ke5 40. g3 Nd1+ 41.
Kd2 Nf2 42. h4 Kd4 43. Nc5 e3+ 44. Ke2 Nh1 45. a6 Nxg3+ 46. Ke1 f4 47. Ne6+ Ke4
48. Nxf4 Kxf4 49. a7 Ne4 50. a8=Q 1-0

[Event "AUTO-INT-2675"]
[Site "http://www.queenalice.com/game.php?id=1240100"]
[Date "2013.12.14"]
[Round "2"]
[White "RJGF"]
[Black "MLGF"]
[Result "1/2-1/2"]
[WhiteElo "1787"]
[BlackElo "1751"]

1. d4 f5 2. c4 Nf6 3. Nc3 e6 4. Nf3 Bb4 5. a3 Bxc3+ 6. bxc3 h6 7. e3 O-O 8. Ne5
d6 9. Ng6 Re8 10. Be2 Ne4 11. Qb3 Qf6 12. Bh5 Rd8 13. O-O Nd7 14. f3 Ng5 15. e4
b6 16. Nf4 Rf8 17. exf5 Qxf5 18. c5 dxc5 19. Bg4 Qf6 20. Bxe6+ Kh8 21. d5 Ne5
22. Bxc8 Raxc8 23. Ne6 Nxe6 24. dxe6 Rce8 25. Bb2 Rxe6 26. c4 Qf5 27. Rfe1 Ng6
28. Rad1 Rfe8 29. Rxe6 Rxe6 30. Qc3 Qe5 31. Rd8+ Kh7 32. Qxe5 Nxe5 33. Rc8 Nxc4
34. Bc3 Re7 35. a4 a6 36. f4 b5 37. axb5 axb5 38. Kf2 b4 39. Ba1 b3 40. Rb8 Rd7
41. Rxb3 Rd2+ 42. Kg3 Nd6 43. Be5 Kg6 44. Kf3 Nf5 45. Rc3 Nh4+ 46. Kg3 Nxg2 47.
Rxc5 Ne3 48. Rxc7 Nf5+ 49. Kh3 Rd3+ 1/2-1/2

[Event "AUTO-INT-2675"]
[Site "http://www.queenalice.com/game.php?id=1240101"]
[Date "2013.12.14"]
[Round "2"]
[White "MLGF"]
[Black "RJGF"]
[Result "1-0"]
[WhiteElo "1721"]
[BlackElo "1857"]

1. e4 e5 2. Nf3 Nc6 3. Bb5 a6 4. Ba4 Nf6 5. d3 d6 6. h3 Be7 7. O-O O-O 8. Nc3
Bd7 9. Be3 Qc8 10. a3 Rb8 11. d4 exd4 12. Bxd4 Bxh3 13. Nh2 Nxd4 14. Qxd4 Bd7
15. Bxd7 Qxd7 16. Rad1 c5 17. Qd3 Qc6 18. Nd5 c4 19. Nxe7+ Kh8 20. Nxc6 cxd3 21.
Nxb8 dxc2 22. Rc1 Rxb8 23. Rxc2 Nxe4 24. Nf3 h6 25. Re1 f5 26. Nd4 d5 27. Nxf5
Rf8 28. Nd4 h5 29. f3 Ng3 30. Kh2 h4 31. Rc5 Nh5 32. Rxd5 Nf4 33. Rf5 Rxf5 34.
Nxf5 Nd3 35. Re7 g5 36. Rxb7 Nf2 37. b4 Nd3 38. a4 Ne5 39. Ra7 Nd3 40. b5 axb5
41. axb5 1-0

[Event "AUTO-INT-2696"]
[Site "http://www.queenalice.com/game.php?id=1255907"]
[Date "2014.2.12"]
[Round "2"]
[White "sexgato"]
[Black "MLGF"]
[Result "0-1"]
[WhiteElo "1571"]
[BlackElo "1742"]

1. e4 e5 2. Nf3 Nc6 3. Bc4 Nf6 4. Ng5 d5 5. exd5 Nxd5 6. Bxd5 Qxd5 7. Nc3 Qxg2
8. Rf1 Qxg5 9. Nd5 Bd6 10. d4 Qf5 11. Ne3 Qg6 12. dxe5 Nxe5 13. a4 O-O 14. Nd5
Qe4+ 15. Be3 Nf3+ 16. Ke2 Be6 17. c4 Qxc4+ 18. Kxf3 Bxd5+ 19. Qxd5 Qxd5+ 20. Ke2
f5 21. Rad1 Qc4+ 22. Kf3 Rae8 23. Bxa7 Qe4# 0-1

[Event "AUTO-INT-2696"]
[Site "http://www.queenalice.com/game.php?id=1255908"]
[Date "2014.2.12"]
[Round "2"]
[White "MLGF"]
[Black "sexgato"]
[Result "0-1"]
[WhiteElo "1754"]
[BlackElo "1542"]

1. e4 e5 2. Nf3 Nc6 3. Bc4 h6 4. Nc3 Nf6 5. d3 Bb4 6. Bd2 Bxc3 7. Bxc3 d6 8. h3
O-O 9. b4 a6 10. b5 axb5 11. Bxb5 Ne7 12. O-O c6 13. Ba4 b5 14. Bb3 Rb8 15. a3
c5 16. Nxe5 dxe5 17. Bxe5 Rb6 18. Qf3 Ng6 19. Qg3 Nh5 20. Qh2 Nxe5 21. Qxe5 Qe8
22. Qxh5 Kh7 23. Bd5 g6 24. Qe2 b4 25. a4 Bb7 26. Qe3 Bxd5 27. exd5 Qxe3 28.
fxe3 f5 29. e4 b3 30. Rab1 Rfb8 31. Kh2 bxc2 32. Rxb6 Rxb6 33. Rc1 Rb2 34. a5
fxe4 35. dxe4 Kg7 36. e5 Ra2 37. Kg3 c4 0-1

[Event "RJGF"]
[Site "http://www.queenalice.com/game.php?id=1281247"]
[Date "2014.5.12"]
[Round "2"]
[White "MLGF"]
[Black "aogjba"]
[Result "1-0"]
[WhiteElo "1752"]
[BlackElo "1368"]

1. e4 d6 2. Nf3 Nf6 3. Nc3 Bg4 4. Bc4 e6 5. O-O Nc6 6. d3 g6 7. Be3 Bg7 8. a3
O-O 9. Rb1 d5 10. exd5 exd5 11. Nxd5 Nxd5 12. Bxd5 Qxd5 13. c4 Qh5 14. Kh1 Ne5
15. Bf4 Bxf3 16. gxf3 Nxf3 17. Kg2 1-0

[Event "AUTO-INT-2675"]
[Site "http://www.queenalice.com/game.php?id=1284312"]
[Date "2014.5.27"]
[Round "3"]
[White "MLGF"]
[Black "marcomasao"]
[Result "1-0"]
[WhiteElo "1730"]
[BlackElo "1782"]

1. e4 e5 2. Nf3 Nc6 3. Bc4 h6 4. Nc3 Bc5 5. d3 Nf6 6. h3 Qe7 7. Nd5 Nxd5 8. Bxd5
a6 9. Bxc6 dxc6 10. O-O Bd7 11. c3 O-O-O 12. Re1 Qe6 13. d4 exd4 14. cxd4 Ba7
15. Qc2 g5 16. Ne5 Bxd4 17. Nc4 Be8 18. Be3 f6 19. Rad1 Bxe3 20. Rxd8+ Kxd8 21.
Rxe3 h5 22. Qb3 h4 23. a3 Kc8 24. Nb6+ cxb6 25. Qxe6+ Bd7 26. Qxf6 Rg8 27. Rd3
g4 28. Rxd7 g3 29. Qd6 gxf2+ 30. Kxf2 c5 31. Qc7# 1-0

[Event "AUTO-INT-2675"]
[Site "http://www.queenalice.com/game.php?id=1284313"]
[Date "2014.5.27"]
[Round "3"]
[White "marcomasao"]
[Black "MLGF"]
[Result "0-1"]
[WhiteElo "1773"]
[BlackElo "1748"]

1. e4 e5 2. Bc4 Nf6 3. Nc3 Bc5 4. h3 O-O 5. d3 h6 6. Nf3 Nc6 7. Bd2 d6 8. Qe2
Be6 9. Bb3 Nh5 10. O-O-O Bxb3 11. cxb3 Rb8 12. g4 Nf6 13. Be3 Bxe3+ 14. Qxe3 b6
15. Ne1 Nd4 16. Qg3 Qd7 17. g5 Nh5 18. Qg1 f5 19. gxf6 Rxf6 20. Rd2 Rbf8 21. Ne2
Rxf2 22. Nxd4 Rxd2 23. Kxd2 exd4 24. Qxd4 Qf7 25. Rh2 Qf4+ 26. Qe3 Qxh2+ 27. Kc3
Rf2 28. Nf3 Rc2+ 29. Kb4 c5+ 30. Kb5 Qxh3 31. Ka6 Qc8+ 32. Kb5 Rxb2 33. Nh4 Qd7+
34. Kc4 Rc2+ 35. Kd5 Nf6# 0-1

[Event "AUTO-INT-2675"]
[Site "http://www.queenalice.com/game.php?id=1284314"]
[Date "2014.5.27"]
[Round "3"]
[White "MLGF"]
[Black "dimitridruloza2012"]
[Result "1-0"]
[WhiteElo "1765"]
[BlackElo "1719"]

1. e4 e5 2. Nf3 Bc5 3. Nc3 Nf6 4. h3 Nc6 5. Bc4 h6 6. d3 d6 7. Bd2 Bd7 8. O-O
Qe7 9. a3 O-O-O 10. Na4 Bd4 11. Rb1 g5 12. Nxd4 Nxd4 13. c3 Nc6 14. b4 Rhg8 15.
Qb3 Rdf8 16. Be3 Kb8 17. f3 Nh5 18. Kh2 Rg6 19. d4 f5 20. d5 Nd8 21. b5 f4 22.
Bf2 b6 23. Rg1 Nf7 24. g3 fxg3+ 25. Bxg3 Nd8 26. Rgf1 Rgf6 27. Qd1 Nb7 28. Kg2
Nc5 29. Nxc5 dxc5 30. Bh2 Qe8 31. Rb2 Qc8 32. Bxe5 Bxh3+ 33. Kg1 R6f7 34. Rff2
Qd7 35. d6 Rh7 36. dxc7+ Kc8 37. Rbd2 Qe7 38. Bd6 Qf6 39. Bxf8 Qxf8 40. Rd8+
Qxd8 41. Qxd8+ Kb7 42. Bd5# 1-0

[Event "AUTO-INT-2675"]
[Site "http://www.queenalice.com/game.php?id=1284315"]
[Date "2014.5.27"]
[Round "3"]
[White "dimitridruloza2012"]
[Black "MLGF"]
[Result "0-1"]
[WhiteElo "1705"]
[BlackElo "1779"]

1. e4 e5 2. Bc4 Nf6 3. Qf3 Bc5 4. Nc3 O-O 5. Nh3 d6 6. d3 Be6 7. Bg5 Nbd7 8.
Bxe6 fxe6 9. O-O-O h6 10. Bh4 Qe8 11. Qe2 Qg6 12. Rhg1 Nh5 13. g4 Nf4 14. Nxf4
exf4 15. d4 Bb6 16. g5 Rae8 17. f3 e5 18. gxh6 Qxh6 19. Qg2 Bxd4 20. Rxd4 exd4
21. Nd5 Rf7 22. Bg5 Qh7 23. Nxc7 Rc8 24. Nb5 Rc6 25. Nxd4 Rc4 26. Nb5 d5 27. Nd6
Rc6 28. Nxb7 Ne5 29. Nd8 dxe4 30. fxe4 f3 31. Qg3 Qxe4 32. Nxc6 Nxc6 33. Re1 Qg6
34. Rf1 Nd4 35. Rf2 Ne2+ 36. Rxe2 fxe2 37. Qb8+ Kh7 38. Bh4 Rf1+ 39. Kd2 Qh6+
40. Kxe2 Rf4 41. Bg3 Qh5+ 42. Kd3 Qf3+ 43. Kd2 Rd4+ 44. Ke1 Re4+ 45. Kd2 Re2+
46. Kc1 Qf1+ 47. Be1 Qxe1# 0-1

[Event "Challenge"]
[Site "http://www.queenalice.com/game.php?id=1321055"]
[Date "2014.11.8"]
[Round "-"]
[White "ORNELAS"]
[Black "MLGF"]
[Result "1-0"]
[WhiteElo "1617"]
[BlackElo "1792"]

1. e4 e5 2. Bc4 Nf6 3. d3 h6 4. Nf3 Nc6 5. c3 Be7 6. Qb3 O-O 7. Nh4 Nxe4 8. dxe4
Bxh4 9. O-O Qe7 10. Nd2 Kh8 11. Nf3 f5 12. Nxh4 1-0

[Event "AUTO-ADV-3307"]
[Site "http://www.queenalice.com/game.php?id=1326989"]
[Date "2014.12.9"]
[Round "1"]
[White "MLGF"]
[Black "Paulsains"]
[Result "0-1"]
[WhiteElo "1718"]
[BlackElo "1911"]

1. e4 e5 2. Nf3 Nf6 3. Nc3 Nc6 4. Bb5 Bd6 5. d3 O-O 6. Bg5 h6 7. Bxf6 Qxf6 8.
Nd5 Qg6 9. Bxc6 dxc6 10. Ne3 Bg4 11. Nxg4 Qxg4 12. g3 f5 13. Nh4 Qxd1+ 14. Rxd1
f4 15. Nf5 fxg3 16. hxg3 Bc5 17. O-O Kh7 18. c3 Rf6 19. d4 exd4 20. Nxd4 Raf8
21. Kg2 Bb6 22. e5 Rg6 23. Rde1 Bxd4 24. cxd4 Re6 25. f4 g6 26. g4 Kg7 27. f5
gxf5 28. gxf5 Ree8 29. f6+ Kf7 30. Rh1 Rg8+ 31. Kf3 Rg6 32. Reg1 Rd8 33. Ke4 Re8
34. d5 Rxf6 35. e6+ Ke7 36. Ke5 Rf2 0-1

[Event "AUTO-ADV-3307"]
[Site "http://www.queenalice.com/game.php?id=1326990"]
[Date "2014.12.9"]
[Round "1"]
[White "Paulsains"]
[Black "MLGF"]
[Result "1-0"]
[WhiteElo "1866"]
[BlackElo "1752"]

1. e4 e5 2. Nf3 Nc6 3. Bc4 Bc5 4. O-O Nf6 5. Ng5 O-O 6. Nc3 d6 7. h3 h6 8. Nf3
Be6 9. Bxe6 fxe6 10. d3 Nd4 11. Nxd4 Bxd4 12. Rb1 a6 13. Bd2 d5 14. Ne2 Bb6 15.
exd5 Qxd5 16. Nc3 Qd6 17. Qc1 Rad8 18. Be3 1-0

[Event "AUTO-ADV-3307"]
[Site "http://www.queenalice.com/game.php?id=1326991"]
[Date "2014.12.9"]
[Round "1"]
[White "MLGF"]
[Black "raven225"]
[Result "0-1"]
[WhiteElo "1736"]
[BlackElo "1750"]

1. e4 e5 2. Nf3 Nc6 3. Bc4 Nf6 4. d3 Bb4+ 5. Bd2 Bxd2+ 6. Nbxd2 O-O 7. O-O d6 8.
h3 Na5 9. d4 exd4 10. Nxd4 Nxc4 11. Nxc4 Nxe4 12. Nf3 Re8 13. Ne3 Be6 14. Rc1
Qf6 15. c3 Qg6 16. g4 Qf6 17. Kg2 Rad8 18. Qd3 d5 19. Nc2 Qf4 20. Ncd4 c5 21.
Ne2 Qc7 22. Ng3 c4 23. Qe3 Nc5 24. Qd2 Ne4 25. Nxe4 dxe4 0-1

[Event "AUTO-ADV-3307"]
[Site "http://www.queenalice.com/game.php?id=1326992"]
[Date "2014.12.9"]
[Round "1"]
[White "raven225"]
[Black "MLGF"]
[Result "1-0"]
[WhiteElo "1845"]
[BlackElo "1710"]

1. e4 e5 2. Nf3 Nc6 3. Bb5 d6 4. Nc3 Bg4 5. h3 Bh5 6. d3 Nf6 7. Bg5 Be7 8. O-O
O-O 9. g4 Bg6 10. Bxf6 Bxf6 11. Nd5 a6 12. Ba4 h5 13. Nh2 Nd4 14. c3 Nc6 15.
gxh5 Bh7 16. Qg4 b5 17. Bb3 Rb8 18. h6 g6 19. Qf3 Bg5 20. Ng4 Ne7 21. Ndf6+ Kh8
22. Nxh7 Kxh7 23. Kg2 Bxh6 24. Nxh6 Kxh6 25. Qf6 Qd7 26. f4 d5 27. Qg5+ Kh7 28.
Qxe5 dxe4 29. Qxe4 Rbe8 30. Qf3 Nf5 31. Kh1 Re3 32. Qg4 Ng3+ 33. Kg2 Qxg4 34.
hxg4 Nxf1 35. Rxf1 Rxd3 36. Rf2 Kh6 37. Kf1 f6 38. Rh2+ 1-0

[Event "AUTO-ADV-3307"]
[Site "http://www.queenalice.com/game.php?id=1326993"]
[Date "2014.12.9"]
[Round "1"]
[White "MLGF"]
[Black "Paraucho"]
[Result "0-1"]
[WhiteElo "1721"]
[BlackElo "2057"]

1. e4 c6 2. Nf3 d5 3. Bd3 Bg4 4. O-O e6 5. b3 Nf6 6. e5 Nfd7 7. Bb2 Qc7 8. Nc3
Nxe5 9. Be2 Bxf3 10. Bxf3 Bd6 11. Re1 Nxf3+ 12. Qxf3 O-O 13. Re2 Nd7 14. Rae1 e5
15. d3 f5 16. Nd1 e4 17. Qh3 Ne5 18. f4 Ng4 19. Ne3 Bxf4 20. Nxg4 fxg4 21. Qxg4
Bxh2+ 22. Kh1 Bg3 23. Rd1 Rf7 24. Re3 Bd6 25. dxe4 Raf8 26. Qe2 Rf2 27. Qd3 Qf7
28. Rf3 Rxf3 29. gxf3 Qh5+ 30. Kg1 Qh2+ 31. Kf1 Bg3 32. Rd2 Qh1+ 33. Ke2 Qg2+
34. Kd1 Qg1+ 35. Ke2 Qe1# 0-1

[Event "AUTO-ADV-3307"]
[Site "http://www.queenalice.com/game.php?id=1326994"]
[Date "2014.12.9"]
[Round "1"]
[White "Paraucho"]
[Black "MLGF"]
[Result "1-0"]
[WhiteElo "2011"]
[BlackElo "1741"]

1. e4 e5 2. Bc4 Nf6 3. Qe2 Bc5 4. Nf3 Nc6 5. c3 O-O 6. O-O d6 7. h3 Be6 8. Bb5
Rb8 9. Rd1 a6 10. Ba4 Na5 11. b4 b5 12. Bc2 Bxf2+ 13. Qxf2 Nc4 14. d3 Nb6 15.
Bg5 h6 16. Bh4 Qe7 17. Nbd2 d5 18. Nxe5 Bxh3 19. Nc6 Ng4 20. Nxe7+ 1-0